• 首页
  • 本馆介绍
  • 公告通知
  • 最新文献
  • 馆藏检索
  • 电子资源
  • 读者导购
  • 参考咨询
  • 我的图书馆
  • 登录
  • 详细信息显示
  • 放入我的书架
  • 预约/预借图书
  • 作者相关作品
  • 分类相关作品
  • 丛书相关作品
  • 出版社相关作品

书目信息

  • 表格格式
  • 工作单格式
  • 卡片格式
题名:
英阿马岛之战
    
 
作者: 福克斯 , 汉拉恩 著 ;山鹰 译
分册:  
出版信息: 北京   战士出版社  1983
页数: 156页
开本: 19cm
丛书名:
单 册:
中图分类: E19
科图分类:
主题词: 海战-马尔维纳斯群岛问题 , 军事--世界 , 马尔维纳斯群岛问题-海战
电子资源:
ISBN:
000 00787nam0 2200277 45
001 0183003386
005 20060817153732.20
010    @dCNY0.52
091    @a5185.18
100    @a19950606d1983 em y0chiy0121 ea
101 1  @achi@ceng
102    @aCN@b110000
105    @ay z 000yy
200 10 @a英阿马岛之战@Aying a ma dao zhi zhan@e英国随军记者见闻录@f(英)汉拉恩,(英)福克斯著@g山鹰译
210    @a北京@c战士出版社@d1983
215    @a156页@d19cm
606    @a海战-马尔维纳斯群岛问题
606 0  @a军事@x世界
606    @a马尔维纳斯群岛问题-海战
690    @aE19
701  1 @a福克斯@Afu ke si@4著
701  1 @a汉拉恩@Ahan la en@4著
702  0 @a山鹰@Ashan ying@4译
801  2 @aCN@bNLC@c20060817
801  0 @aCN@b上海图书馆@c20040422
905    @f4@b216594-597@dE19@e11
    
    英阿马岛之战:英国随军记者见闻录/(英)汉拉恩,(英)福克斯著/山鹰译.-北京:战士出版社,1983
    156页;19cm
    
    
    ISBN :CNY0.52
    
●
相关链接 在E读中查询图书 在五车中查询图书 在当当中查询图书 在豆瓣中查询图书


正题名:英阿马岛之战     索取号:E19/11         预约/预借

序号 登录号 条形码 馆藏地/架位号 状态 备注
1 0216594   001260441   第一借阅区/ [索取号:E19/11] 在馆    
2 0216595   001260414   第一借阅区/ [索取号:E19/11] 在馆    
3 0216596   001260432   第一借阅区/ [索取号:E19/11] 在馆    
4 0216597   001260423   第一借阅区/ [索取号:E19/11] 在馆    
5 0216598   001260405   第一样本阅览室/ [索取号:E19/11] 在馆    
6 0465408   204654089   密集书库/ [索取号:E19/11] 在馆    
唐山师范学院图书馆 欢迎您!
大连网信软件有限公司© 版权所有